[Event "Indywidualne Mistrzostwa Polski Juniorek - D16"]
[Site "Szczyrk"]
[Date "2013-03-24"]
[Round "1.1"]
[White "Burdzy, Joanna"]
[Black "Harazinska, Ewa"]
[Result "0-1"]
[WhiteTitle "I"]
[BlackTitle "k"]
[WhiteElo "1529"]
[BlackElo "2019"]

1. e4 c5 2. Nc3 Nc6 3. f4 g6 4. Nf3 Bg7 5. Bc4 e6 6. O-O Nge7 7. Qe1 O-O 8. d3
d5 9. Bb3 d4 10. Ne2 b5 11. Bd2 Qb6 12. Kh1 a5 13. a4 Ba6 14. Nh4 c4 15. axb5
cxb3 16. bxa6 bxc2 17. Qc1 Qxa6 18. Qxc2 Qb5 19. Rac1 Rfc8 20. Qb1 Rab8 21. Ng3
Qxb2 22. Qxb2 Rxb2 23. Be1 a4 24. f5 Bf6 25. Nf3 a3 26. fxe6 fxe6 27. Ra1 Ra8
28. Nd2 Kg7 29. Nc4 Rb3 30. Rf3 Ne5 31. Nxe5 Bxe5 32. Ra2 Bd6 33. h4 Rb1 0-1

[Event "Indywidualne Mistrzostwa Polski Juniorek - D16"]
[Site "Szczyrk"]
[Date "2013-03-24"]
[Round "1.2"]
[White "Wozniak, Mariola"]
[Black "Sokolowska, Anna"]
[Result "1-0"]
[WhiteTitle "WCM"]
[BlackTitle "I"]
[WhiteElo "1982"]
[BlackElo "1526"]

1. e4 c5 2. Nf3 d6 3. d4 cxd4 4. Nxd4 Nf6 5. Nc3 a6 6. Be2 e6 7. O-O Be7 8. f4
Nbd7 9. Kh1 Qc7 10. Bf3 Nb6 11. Qe1 Nc4 12. b3 Qc5 13. Nce2 Nb6 14. Be3 Qc7 15.
c4 Nbd7 16. Nc3 Nc5 17. Qg3 Bf8 18. Rad1 h5 19. e5 Ng4 20. exd6 Bxd6 21. Bxg4
hxg4 22. Ndb5 axb5 23. Nxb5 Qe7 24. Nxd6+ Qxd6 25. Rxd6 Ne4 26. Qxg4 Nxd6 27.
Qxg7 Rh5 28. Rd1 Ra6 29. c5 Rd5 30. Rxd5 exd5 31. cxd6 Rxd6 32. Qg8+ Kd7 33. Qxf7+
Kc6 34. f5 Bd7 35. Bf4 1-0

[Event "Indywidualne Mistrzostwa Polski Juniorek - D16"]
[Site "Szczyrk"]
[Date "2013-03-24"]
[Round "1.3"]
[White "Skrzypczak, Edyta"]
[Black "Pastuszko, Kinga"]
[Result "1/2-1/2"]
[WhiteTitle "II+"]
[BlackTitle "k"]
[WhiteElo "1526"]
[BlackElo "1917"]

1. Nf3 f5 2. e3 Nf6 3. b3 d6 4. d4 g6 5. Bb2 e6 6. Bd3 Bg7 7. O-O O-O 8. Nbd2 Nbd7
9. Bc4 Qe8 10. Re1 Ne4 11. Bd3 Ndf6 12. c4 b6 13. Bxe4 Nxe4 14. Qc2 Bb7 15. Rf1
e5 16. d5 Nxd2 17. Qxd2 Qe7 18. Rae1 g5 19. Re2 Rae8 20. Ne1 Bc8 21. Nc2 f4 22.
f3 fxe3 23. Nxe3 Rf4 24. g3 Rf7 25. Ng2 Ref8 26. Ref2 Bh3 27. Qe2 Qd7 28. Bc1
Qf5 29. g4 Qg6 30. Qe3 Bxg2 31. Kxg2 Bf6 32. Qe4 Qg7 33. Qe2 Bd8 34. Qe4 Qf6 35.
Qe2 Kg7 36. Qe4 Rh8 37. Bb2 Qf4 38. Bc1 Qf6 39. Bb2 Rhf8 40. Qe2 Qg6 41. Bc1 Re8
42. Qe4 Qf6 43. f4 gxf4 44. Bxf4 Ref8 45. Be3 Qg6 1/2-1/2

[Event "Indywidualne Mistrzostwa Polski Juniorek - D16"]
[Site "Szczyrk"]
[Date "2013-03-24"]
[Round "1.4"]
[White "Dadello, Aleksandra"]
[Black "Kotula, Magdalena"]
[Result "1-0"]
[WhiteTitle "I++"]
[BlackTitle "I"]
[WhiteElo "1909"]
[BlackElo "1520"]

1. e4 e6 2. d4 d5 3. Nc3 Bb4 4. e5 c5 5. a3 Bxc3+ 6. bxc3 Ne7 7. Qg4 O-O 8. Bd3
f5 9. exf6 Rxf6 10. Bg5 Rf7 11. Qh5 g6 12. Qd1 Qa5 13. Bd2 Nbc6 14. Nf3 Qc7 15.
O-O e5 16. Nxe5 Nxe5 17. dxe5 Qxe5 18. c4 d4 19. f4 Qd6 20. Qf3 Nc6 21. Rae1 Be6
22. Re2 Raf8 23. Rfe1 Re7 24. Qg3 Bf5 25. Qh4 Rxe2 26. Rxe2 Bxd3 27. cxd3 Qd8
28. Qe1 Qb6 29. Bc1 Qb3 30. Qd2 Kf7 31. g4 a6 32. f5 Rg8 33. fxg6+ Rxg6 34. Rf2+
Kg7 35. h3 h5 36. Qf4 Rxg4+ 37. hxg4 1-0

[Event "Indywidualne Mistrzostwa Polski Juniorek - D16"]
[Site "Szczyrk"]
[Date "2013-03-24"]
[Round "1.5"]
[White "Rudol, Matylda"]
[Black "Kiolbasa, Oliwia"]
[Result "0-1"]
[WhiteTitle "II+"]
[BlackTitle "WFM"]
[WhiteElo "1510"]
[BlackElo "1897"]

1. e4 c5 2. c4 Nc6 3. g3 g6 4. Bg2 Bg7 5. Ne2 d6 6. d3 e6 7. Nbc3 Nge7 8. O-O O-O
9. Be3 Nd4 10. Qd2 Nec6 11. Bh6 Rb8 12. Bxg7 Kxg7 13. f4 Bd7 14. Rf2 Qa5 15. Qc1
b5 16. b3 Nb4 17. Qd1 Nbc2 18. Rb1 Nxe2+ 19. Nxe2 Ne3 20. Qc1 Nxg2 21. Kxg2 f5
22. Qb2+ Kf7 23. exf5 gxf5 24. Qc2 bxc4 25. dxc4 Bc6+ 26. Kg1 Be4 27. Qc1 Bxb1
28. Qxb1 Ke7 29. g4 Rg8 30. g5 h6 31. h4 hxg5 32. hxg5 Kd7 33. Ng3 Qc3 34. Kg2
Qd4 35. Qe1 Rh8 36. Rd2 Qxf4 37. Re2 Qxg5 38. Rxe6 f4 0-1

[Event "Indywidualne Mistrzostwa Polski Juniorek - D16"]
[Site "Szczyrk"]
[Date "2013-03-24"]
[Round "1.6"]
[White "Murawko, Katarzyna"]
[Black "Bebel, Agnieszka"]
[Result "1-0"]
[WhiteTitle "I++"]
[BlackTitle "II+"]
[WhiteElo "1873"]
[BlackElo "1507"]

1. e4 e5 2. Nf3 Nc6 3. Bb5 Nf6 4. d3 Bc5 5. O-O d6 6. c3 Bd7 7. Nbd2 O-O 8. h3
a6 9. Ba4 Re8 10. Re1 Qe7 11. Nf1 h6 12. Ng3 b5 13. Bc2 Rad8 14. d4 exd4 15. cxd4
Bb4 16. Bd2 Bxd2 17. Qxd2 Kh8 18. Nh2 Bc8 19. f4 Qd7 20. Rad1 Bb7 21. Nf3 Ne7
22. Nh4 c5 23. d5 Nc8 24. Nhf5 Nb6 25. b3 Qc7 26. Qc3 Nbd7 27. Nxg7 Rg8 28. N7h5
Rxg3 29. Nxg3 Rg8 30. Nf5 h5 31. Re3 Rg6 32. Ne7 Rg7 33. Rg3 Rxg3 34. Qxg3 Qd8
35. Nf5 Qf8 36. Qg5 Bc8 37. e5 dxe5 38. fxe5 Nh7 39. Qxh5 Nxe5 40. Ne7 f5 41.
Nxc8 Qxc8 42. Bxf5 1-0

[Event "Indywidualne Mistrzostwa Polski Juniorek - D16"]
[Site "Szczyrk"]
[Date "2013-03-24"]
[Round "1.7"]
[White "Wilk, Oktawia"]
[Black "Gora, Antonina"]
[Result "0-1"]
[WhiteTitle "I"]
[BlackTitle "I++"]
[WhiteElo "1506"]
[BlackElo "1831"]

1. e4 c5 2. Nf3 d6 3. d4 cxd4 4. Nxd4 Nf6 5. Nc3 a6 6. Be2 e5 7. Nb3 Be6 8. Bg5
Nbd7 9. O-O Be7 10. Qd2 b5 11. f3 Nb6 12. Nc1 Qc7 13. Nd3 Rc8 14. a3 Nc4 15. Qc1
Nxb2 16. Nxb2 Qxc3 17. Bd3 h6 18. Bd2 Qc7 19. Kh1 O-O 20. a4 Bc4 21. axb5 Bxd3
22. cxd3 axb5 23. Be3 d5 24. Qb1 d4 25. Bd2 Nd7 26. Rc1 Qd6 27. Qa2 Nc5 28. Bb4
Qb6 29. Qd5 Bd6 30. f4 Nxe4 31. Bxd6 Nxd6 32. Qxe5 Rxc1+ 33. Rxc1 Re8 34. Qd5
Qc7 35. Rf1 Qc3 36. Qxd6 Re1 37. Kg1 Qc1 0-1

[Event "Indywidualne Mistrzostwa Polski Juniorek - D16"]
[Site "Szczyrk"]
[Date "2013-03-24"]
[Round "1.8"]
[White "Maruszczak, Joanna"]
[Black "Bebnik, Malgorzata"]
[Result "0-1"]
[WhiteTitle "I++"]
[BlackTitle "II+"]
[WhiteElo "1803"]
[BlackElo "1503"]

1. e4 e5 2. Nf3 Nc6 3. Bb5 Bc5 4. O-O Nge7 5. c3 O-O 6. d3 d6 7. Nbd2 f5 8. Bc4+
Kh8 9. Ng5 Qe8 10. Be6 Qg6 11. exf5 Nxf5 12. Bxc8 Raxc8 13. Ndf3 h6 14. Ne4 Bb6
15. Re1 d5 16. Ned2 Bxf2+ 17. Kxf2 Nh4 18. Rg1 e4 19. dxe4 dxe4 20. Qa4 Rce8 21.
Nxe4 Rxe4 22. Qd1 Ne5 23. Bd2 Ng4+ 24. Kf1 Qa6+ 0-1

[Event "Indywidualne Mistrzostwa Polski Juniorek - D16"]
[Site "Szczyrk"]
[Date "2013-03-24"]
[Round "1.9"]
[White "Wicikowska, Agata"]
[Black "Czaplewska, Klara"]
[Result "1-0"]
[WhiteTitle "I"]
[BlackTitle "I++"]
[WhiteElo "1495"]
[BlackElo "1730"]

1. d4 d5 2. Nf3 e6 3. c3 Nf6 4. Bg5 Be7 5. e3 O-O 6. Bd3 Nbd7 7. Nbd2 c5 8. Rc1
b6 9. Qa4 Bb7 10. Ne5 Nxe5 11. dxe5 Nd7 12. Qh4 f5 13. Bxe7 Qe8 14. Bxf8 Nxe5
15. Be2 Qxf8 16. Nf3 Nxf3+ 17. Bxf3 e5 18. O-O Re8 19. Qa4 e4 20. Bh5 g6 21. Be2
a5 22. Qd7 Ba8 23. Bb5 Rb8 24. Bc6 Bxc6 25. Qxc6 Qf7 26. Rfd1 1-0

[Event "Indywidualne Mistrzostwa Polski Juniorek - D16"]
[Site "Szczyrk"]
[Date "2013-03-24"]
[Round "1.10"]
[White "Lascar, Radoslawa"]
[Black "Rolka, Anna"]
[Result "1-0"]
[WhiteTitle "I"]
[BlackTitle "II"]
[WhiteElo "1728"]
[BlackElo "1491"]

1. e4 c5 2. Nf3 e6 3. d4 cxd4 4. Nxd4 Nf6 5. Bd3 a6 6. c4 Be7 7. Nc3 d6 8. Be3
Qc7 9. O-O O-O 10. f4 b6 11. Qf3 Bb7 12. Rae1 Nbd7 13. Bd2 Qc5 14. Be3 Qc7 15.
Nb3 Rac8 16. Qh3 g6 17. Rf2 Rfe8 18. Ref1 Bf8 19. f5 Bg7 20. fxg6 fxg6 21. Bg5
Qd8 22. Nd4 Qe7 23. Na4 e5 24. Nc2 Qe6 25. Qxe6+ Rxe6 26. Bxf6 Bxf6 27. Ne3 Rf8
28. Nd5 Bxd5 29. cxd5 Ree8 30. Bxa6 Bg5 31. Rxf8+ Rxf8 32. Rxf8+ Nxf8 33. Kf2
Bd8 34. Bc8 Kf7 35. Nc3 Ke7 36. Nb5 Nd7 37. Bxd7 Kxd7 38. a4 Be7 39. Kf3 h6 40.
g4 Bg5 41. h3 Be7 42. Na7 Kc7 43. Nc6 Bg5 44. Ke2 Kb7 45. Kd3 Bh4 46. Kc4 Bg5
47. Kb5 Bc1 48. b4 Bg5 49. a5 bxa5 50. bxa5 h5 51. a6+ Kc7 52. Na5 Be3 53. Nc6
hxg4 54. hxg4 g5 55. a7 Kb7 56. Nd8+ Kxa7 57. Kc6 Bc5 58. Nf7 Kb8 59. Nxg5 Kc8
60. Nf7 Bd4 61. Kxd6 Bc3 62. Nxe5 Bxe5+ 63. Kxe5 Kd7 64. d6 1-0

[Event "Indywidualne Mistrzostwa Polski Juniorek - D16"]
[Site "Szczyrk"]
[Date "2013-03-24"]
[Round "1.11"]
[White "Rogacka, Natalia"]
[Black "Kopica, Paulina"]
[Result "0-1"]
[WhiteTitle "II+"]
[BlackTitle "I"]
[WhiteElo "1484"]
[BlackElo "1706"]

1. e4 e6 2. d4 d5 3. Nc3 Bb4 4. e5 c5 5. a3 Bxc3+ 6. bxc3 Ne7 7. Qg4 O-O 8. Bd3
f5 9. exf6 Rxf6 10. Qh5 g6 11. Qh4 Rf7 12. Nf3 c4 13. Be2 Nbc6 14. O-O Qa5 15.
Bd2 Nf5 16. Qh3 Nd6 17. Ng5 Re7 18. Rfd1 e5 19. Bg4 Nf5 20. Nf3 h5 21. Bxf5 Bxf5
22. Qg3 Rae8 23. Rdc1 Kh8 24. dxe5 Nxe5 25. Nxe5 Rxe5 26. Re1 Rxe1+ 27. Rxe1 Qb5
28. Rxe8+ Qxe8 29. Qe3 Qxe3 30. Bxe3 a6 31. Bd4+ Kg8 32. f4 Bxc2 33. Kf2 Kf7 34.
Ke3 Ke6 35. Bb6 Kd6 36. Kd4 Be4 37. g3 Kc6 38. Bd8 Kb5 39. Be7 Ka4 40. Bf6 Kxa3
41. Kc5 a5 42. Kb5 a4 43. Be7+ Kb3 44. Bb4 a3 0-1

[Event "Indywidualne Mistrzostwa Polski Juniorek - D16"]
[Site "Szczyrk"]
[Date "2013-03-24"]
[Round "1.12"]
[White "Jedrocha, Katarzyna"]
[Black "Swiech, Zuzanna"]
[Result "1/2-1/2"]
[WhiteTitle "I"]
[BlackTitle "II"]
[WhiteElo "1668"]
[BlackElo "1481"]

1. e4 e5 2. Nf3 Nc6 3. d4 exd4 4. Nxd4 Nxd4 5. Qxd4 d6 6. g3 Nf6 7. Bg2 Be7 8.
O-O O-O 9. Nc3 Be6 10. Re1 Nd7 11. Nd5 Bxd5 12. Qxd5 Rb8 13. Be3 Nb6 14. Qd3 Bf6
15. c3 Re8 16. Bd4 Bxd4 17. cxd4 d5 18. e5 c6 19. Bh3 Nd7 20. f4 Nf8 21. Re2 Re7
22. Rf1 Nd7 23. e6 fxe6 24. Bxe6+ Kh8 25. Rfe1 Nf6 26. Bf5 Rxe2 27. Qxe2 Qb6 28.
Qe5 Qd8 29. Qe7 Qxe7 30. Rxe7 Ne8 31. Kf2 Nd6 32. Bd3 a6 33. a4 Kg8 34. b3 Ne8
35. h3 Nf6 36. g4 Kf8 37. Re3 h6 38. Bg6 Rd8 39. Kf3 Ng8 40. g5 Ne7 41. Bd3 Rd6
42. Kg4 Kf7 43. f5 hxg5 44. Kxg5 a5 45. Be2 Rf6 46. Bh5+ Kf8 47. Re5 b6 48. h4
c5 49. Bf3 cxd4 50. Bxd5 Rd6 51. Bf3 d3 52. Re6 Nc8 53. Rxd6 Nxd6 54. Kf4 Ke7
55. h5 Kf6 56. Ke3 Kxf5 57. Kxd3 Ke5 1/2-1/2

[Event "Indywidualne Mistrzostwa Polski Juniorek - D16"]
[Site "Szczyrk"]
[Date "2013-03-24"]
[Round "1.13"]
[White "Mielczarek, Joanna"]
[Black "Jaskiewicz, Kamila"]
[Result "0-1"]
[WhiteTitle "I"]
[BlackTitle "I"]
[WhiteElo "1470"]
[BlackElo "1663"]

1. e4 c5 2. Nf3 e6 3. d4 cxd4 4. Nxd4 a6 5. Nc3 Qc7 6. Bd3 Nf6 7. O-O Nc6 8. Be3
Be7 9. Kh1 b5 10. a3 Bb7 11. f3 O-O 12. Qe2 Ne5 13. Rfd1 Nxd3 14. cxd3 Rac8 15.
Rac1 Qb8 16. Rc2 d5 17. Rdc1 Bd6 18. h3 e5 19. Nf5 d4 20. Bg5 dxc3 21. Bxf6 gxf6
22. Qe3 Rfe8 23. Qh6 Bf8 24. Qxf6 Re6 25. Qg5+ Rg6 26. Qe3 cxb2 27. Rxb2 Rxc1+
28. Qxc1 Bxa3 29. Qc2 Bxb2 30. Ne7+ Kg7 31. Nxg6 hxg6 32. Qxb2 Qd6 33. f4 Qd4
34. Qd2 exf4 35. Qxf4 b4 36. Qc7 b3 0-1

[Event "Indywidualne Mistrzostwa Polski Juniorek - D16"]
[Site "Szczyrk"]
[Date "2013-03-24"]
[Round "1.15"]
[White "Fraczek, Weronika"]
[Black "Binkowska, Agata"]
[Result "1-0"]
[WhiteTitle "II+"]
[BlackTitle "I"]
[WhiteElo "1435"]
[BlackElo "1637"]

1. e4 c5 2. Nc3 Nc6 3. g3 e6 4. Bg2 g6 5. d3 Bg7 6. f4 d6 7. Nf3 Rb8 8. O-O b5
9. Ne2 Nge7 10. c3 O-O 11. h3 a5 12. Rb1 Ba6 13. Be3 Qc7 14. g4 f5 15. Ng3 Rbe8
16. Qe1 c4 17. d4 fxe4 18. Nxe4 Bb7 19. Nh4 Nd5 20. Ng5 Nd8 21. Bd2 Qe7 22. Be4
Bf6 23. Nhf3 Qg7 24. Bc2 Bc8 25. Ne4 Be7 26. Qg3 Nc6 27. g5 Bb7 28. Nh2 Rd8 29.
Ng4 Rd7 30. Rbe1 Bd8 1-0

[Event "Indywidualne Mistrzostwa Polski Juniorek - D16"]
[Site "Szczyrk"]
[Date "2013-03-24"]
[Round "1.16"]
[White "Rudnik, Anna"]
[Black "Szczesniak, Zuzanna"]
[Result "1-0"]
[WhiteTitle "I"]
[BlackTitle "II"]
[WhiteElo "1593"]
[BlackElo "1421"]

1. e4 c5 2. Nf3 e6 3. d4 cxd4 4. Nxd4 a6 5. Bd3 Nc6 6. Nxc6 dxc6 7. Be3 Nf6 8.
O-O e5 9. h3 Bd6 10. a4 a5 11. Nd2 Be6 12. Qe2 Qd7 13. Rad1 O-O 14. Bc4 Qe7 15.
Bg5 Bxc4 16. Nxc4 Bc7 17. Ne3 Qe6 18. Bxf6 Qxf6 19. Ng4 Qe7 20. Ne3 Rfd8 21. Qg4
Bb6 22. Nf5 Qf6 23. Kh1 g6 24. Qg3 Kh8 25. Ne3 Qf4 26. Ng4 Qxe4 27. Nxe5 Qf5 28.
f4 Bc7 29. Qc3 Kg8 30. Rxd8+ Rxd8 31. Ng4 Kf8 32. Nh6 Qe6 33. Re1 Qxe1+ 34. Qxe1
Bxf4 35. Ng4 Rd2 36. g3 Rxc2 37. gxf4 1-0

[Event "Indywidualne Mistrzostwa Polski Juniorek - D16"]
[Site "Szczyrk"]
[Date "2013-03-24"]
[Round "1.17"]
[White "Leszczewska, Edyta"]
[Black "Wojna, Ewelina"]
[Result "0-1"]
[WhiteTitle "II"]
[BlackTitle "II+"]
[WhiteElo "1389"]
[BlackElo "1572"]

1. e4 e6 2. d4 d5 3. exd5 exd5 4. Nf3 Bg4 5. Nc3 Nc6 6. Bb5 Bb4 7. O-O Nge7 8.
Bf4 O-O 9. Qd3 Bxf3 10. gxf3 Bd6 11. Bg5 f6 12. Be3 Qe8 13. f4 Qh5 14. Bd2 Nb4
15. Qe2 Qxe2 16. Nxe2 Nf5 17. c3 Nc6 18. Kh1 Nce7 19. Rg1 Nh4 20. Rg3 c5 21. Bd3
Nhg6 22. Rag1 f5 23. Be3 c4 24. Bc2 b5 25. Rg5 Rf7 26. Ng3 Raf8 27. Nh5 a5 28.
b3 Kh8 29. Rb1 Rb8 30. Ng3 h6 31. Rh5 Nxf4 32. Bxf4 Bxf4 33. Nxf5 Nc6 34. Nh4
Bg5 35. Ng6+ Kg8 36. Rf1 Rf3 37. Ne5 0-1

[Event "Indywidualne Mistrzostwa Polski Juniorek - D16"]
[Site "Szczyrk"]
[Date "2013-03-24"]
[Round "1.18"]
[White "Kasperek, Kinga"]
[Black "Kowacz, Agnieszka"]
[Result "1/2-1/2"]
[WhiteTitle "I"]
[BlackTitle "II"]
[WhiteElo "1558"]
[BlackElo "1378"]

1. c4 c5 2. Nc3 Nc6 3. g3 g6 4. Bg2 Bg7 5. Nf3 e6 6. O-O Nge7 7. e3 O-O 8. d4 cxd4
9. Nxd4 Nxd4 10. exd4 d5 11. cxd5 Nxd5 12. Nxd5 exd5 13. Be3 Be6 14. Qb3 b6 15.
Rac1 Rc8 16. Rxc8 Qxc8 17. Rc1 Qd7 18. Qc3 Rd8 19. Qc7 h6 20. b3 Kh7 21. Qxd7
Rxd7 22. Kf1 Bf8 23. Bf4 Bg7 24. Be3 Bf8 25. Rc8 Bd6 26. Rc6 Kg7 27. Ke1 h5 28.
h4 f6 29. Bf1 Kf7 30. Bd3 Bb4+ 31. Bd2 Bxd2+ 32. Kxd2 f5 33. Ba6 Re7 34. Bd3 Rd7
35. Ba6 Re7 36. Bd3 Rd7 37. f3 Ke7 38. Bb5 Rb7 39. Ba6 Rd7 40. Bc8 Rd6 41. Rxd6
Kxd6 42. Bxe6 Kxe6 43. a4 a5 44. f4 1/2-1/2

[Event "Indywidualne Mistrzostwa Polski Juniorek - D16"]
[Site "Szczyrk"]
[Date "2013-03-24"]
[Round "1.19"]
[White "Rynkiewicz, Natalia"]
[Black "Kozaczynska, Aleksandra"]
[Result "1/2-1/2"]
[WhiteTitle "II"]
[BlackTitle "I"]
[WhiteElo "1357"]
[BlackElo "1552"]

1. e4 c5 2. Nf3 d6 3. d4 cxd4 4. Nxd4 Nf6 5. Nc3 g6 6. Be3 Bg7 7. f3 a6 8. Qd2
b5 9. a3 Bb7 10. Be2 Nbd7 11. g4 Nb6 12. h4 h5 13. g5 Nfd7 14. Nd1 Ne5 15. b3
Qc7 16. Rc1 Rc8 17. c3 Ned7 18. Bd3 d5 19. Kf2 Nc5 20. Qc2 dxe4 21. fxe4 Qe5 22.
Nf3 Nxd3+ 23. Qxd3 Qxe4 24. Qxe4 Bxe4 25. Bxb6 Rc6 26. Be3 O-O 27. Rf1 Rfc8 28.
Nd4 Rd6 29. Nb2 Bd5 30. b4 e5 31. Ne2 Bb3 32. Rce1 Rd7 33. Ng3 f5 34. gxf6 Bxf6
35. Bg5 Bxg5 36. hxg5 Rf7+ 37. Kg1 Rxc3 38. Ne4 Rc2 39. Rxf7 Kxf7 40. Nd3 Bd5
41. Nxe5+ Kg7 42. Nf2 Rc3 43. Ned3 Rxa3 44. Re7+ Kf8 45. Rd7 Be6 46. Rd6 Bf5 47.
Kg2 h4 48. Kh2 h3 49. Rd5 Be6 50. Re5 Bd7 51. Re3 Ra2 52. Rf3+ Kg7 53. Ne5 Be6
54. Nd3 Bd7 55. Nc5 Bg4 56. Rf4 Bc8 57. Nd3 Bd7 58. Ne5 Be6 59. Nc6 Bf5 60. Ne7
Be6 61. Rf6 Bf5 62. Nxf5+ gxf5 63. Rxf5 Kg6 64. Rf3 Rb2 65. Kxh3 Rxb4 66. Rf6+
Kxg5 67. Rxa6 Rb3+ 68. Kg2 Kf4 69. Rf6+ Ke5 70. Rh6 Kf4 71. Rh4+ Kg5 72. Rd4 Kf5
73. Nd3 Rc3 74. Kf2 Rc4 75. Rxc4 bxc4 76. Ke3 cxd3 77. Kxd3 1/2-1/2

[Event "Indywidualne Mistrzostwa Polski Juniorek - D16"]
[Site "Szczyrk"]
[Date "2013-03-24"]
[Round "1.20"]
[White "Lapa, Aleksandra"]
[Black "Rylska, Kamila"]
[Result "1-0"]
[WhiteTitle "I"]
[BlackTitle "II"]
[WhiteElo "1549"]
[BlackElo "1348"]

1. c4 e5 2. Nc3 Nf6 3. g3 c6 4. Bg2 d5 5. cxd5 cxd5 6. d3 Nc6 7. Bd2 Be7 8. a3
O-O 9. b4 a6 10. Nf3 Bg4 11. h3 Bxf3 12. Bxf3 Nd4 13. Bg2 Rc8 14. O-O Re8 15.
e3 Nc6 16. Ne2 Qd7 17. Qb3 d4 18. e4 Na7 19. f4 Bd6 20. f5 Qc6 21. Rac1 Qb6 22.
g4 Nb5 23. Ng3 Be7 24. g5 Nd7 25. Bf3 Nd6 26. Bh5 Rf8 27. Rxc8 Nxc8 28. f6 gxf6
29. Nf5 Qe6 30. Nh6+ Kg7 31. gxf6+ Nxf6 32. Bxf7 Qxb3 33. Bxb3 Nh5 34. Nf5+ Kh8
35. Rf2 Bd8 36. Rg2 Ne7 37. Nd6 Ng6 38. Nf7+ Kg7 39. Bh6+ Kg8 40. Nxd8+ Kh8 41.
Bxf8 1-0

[Event "Indywidualne Mistrzostwa Polski Juniorek - D16"]
[Site "Szczyrk"]
[Date "2013-03-24"]
[Round "1.21"]
[White "Prokopowicz, Anna"]
[Black "Ostrowska, Joanna"]
[Result "1-0"]
[WhiteTitle "I"]
[BlackTitle "II+"]
[WhiteElo "1347"]
[BlackElo "1541"]

1. e4 e5 2. Nf3 Nc6 3. Bc4 Nf6 4. d3 Be7 5. c3 d5 6. exd5 Nxd5 7. O-O O-O 8. Re1
Bg4 9. Bb3 Qd6 10. Bc2 Rad8 11. Qe2 Nf4 12. Bxf4 exf4 13. d4 Qh6 14. Nbd2 Bd6
15. Qd3 g6 16. Ne4 Qg7 17. h3 Bf5 18. Nfd2 Be7 19. Qf3 g5 20. Bb3 Bg6 21. Nc4
Rde8 22. Re2 Kh8 23. Rae1 Qh6 24. Nf6 Bd3 25. Qxd3 Qxf6 26. Ne5 Nxe5 27. Rxe5
Qc6 28. Rxe7 Rxe7 29. Rxe7 f5 30. d5 Qd6 31. Qd4+ Qf6 32. Qxf6+ Rxf6 33. Rxc7
g4 34. Rxb7 gxh3 35. gxh3 f3 36. Re7 Rg6+ 37. Kf1 Rh6 38. Ke1 Rxh3 39. Kd2 f4
40. d6 Rh6 41. d7 Rd6+ 42. Kc1 h5 43. Re8+ Kg7 44. d8=Q Rxd8 45. Rxd8 1-0

[Event "Indywidualne Mistrzostwa Polski Juniorek - D16"]
[Site "Szczyrk"]
[Date "2013-03-24"]
[Round "1.22"]
[White "Ziemba, Magdalena"]
[Black "Jasiak, Katarzyna"]
[Result "1-0"]
[WhiteTitle "I"]
[BlackTitle "II"]
[WhiteElo "1537"]
[BlackElo "1213"]

1. d4 d5 2. c4 Nf6 3. Nc3 e6 4. Bg5 Bb4 5. e3 h6 6. Bh4 O-O 7. Rc1 Re8 8. Nf3 Nc6
9. Ne5 g5 10. Bg3 Ne4 11. Qh5 Nxe5 12. Bxe5 Kh7 13. Qxf7# 1-0

[Event "Indywidualne Mistrzostwa Polski Juniorek - D16"]
[Site "Szczyrk"]
[Date "2013-03-24"]
[Round "2.1"]
[White "Harazinska, Ewa"]
[Black "Burakowska, Gabriela"]
[Result "1-0"]
[WhiteTitle "k"]
[BlackTitle "I"]
[WhiteElo "2019"]
[BlackElo "1648"]

1. d4 d5 2. c4 e6 3. Nc3 Nf6 4. Bg5 Be7 5. Nf3 O-O 6. e3 h6 7. Bh4 b6 8. g4 Ne4
9. Bxe7 Qxe7 10. h4 f6 11. Rg1 Qf7 12. Qc2 Bb7 13. cxd5 exd5 14. Bd3 Re8 15. Qb3
Kf8 16. h5 Nc6 17. Nxe4 dxe4 18. Qxf7+ Kxf7 19. Bc4+ Ke7 20. Nh4 Na5 21. Ng6+
Kd6 22. Bf7 Red8 23. Nh4 Ke7 24. Bg6 c5 25. dxc5 bxc5 26. Rc1 Rac8 27. Nf5+ Kf8
28. Ng3 Rd6 29. Nxe4 Bxe4 30. Bxe4 Rcd8 31. Rg2 c4 32. f3 Ke7 33. Bc2 Rb6 34.
Be4 Rbd6 35. Re2 Ke6 36. Bc2 Ke7 37. Rd1 Nc6 38. Red2 Rxd2 39. Rxd2 Rb8 40. Bf5
Ne5 41. Ke2 Rb7 42. f4 Nf7 43. Be4 Rb4 44. Bf3 Nd6 45. Kd1 Rb5 46. Kc2 Kd7 47.
Rd5 Rb6 48. Rc5 Ra6 49. a3 Rb6 50. Bd5 Rb3 51. Ra5 Rxe3 52. Rxa7+ Kd8 53. Rxg7
f5 54. g5 hxg5 55. h6 1-0

[Event "Indywidualne Mistrzostwa Polski Juniorek - D16"]
[Site "Szczyrk"]
[Date "2013-03-24"]
[Round "2.2"]
[White "Rudnik, Anna"]
[Black "Wozniak, Mariola"]
[Result "0-1"]
[WhiteTitle "I"]
[BlackTitle "WCM"]
[WhiteElo "1593"]
[BlackElo "1982"]

1. e4 c5 2. Nf3 d6 3. d4 cxd4 4. Nxd4 Nf6 5. Nc3 a6 6. a4 e6 7. Be2 Be7 8. O-O
O-O 9. f4 Nc6 10. Kh1 Qc7 11. g4 Nxd4 12. Qxd4 e5 13. Qd1 exf4 14. Bxf4 Be6 15.
g5 Nd7 16. Nd5 Bxd5 17. exd5 Ne5 18. Ra3 Rac8 19. Rc3 Qa5 20. Rxc8 Rxc8 21. c3
Qb6 22. Qc2 Qc5 23. Qe4 Ng6 24. Bh5 Qc4 25. Re1 Nxf4 26. Qxc4 Rxc4 27. Rxe7 g6
28. Bd1 Kf8 29. Re3 Nxd5 30. Rd3 Nf4 31. Rxd6 Re4 32. Kg1 Ke7 33. Bf3 Re1+ 34.
Kf2 Kxd6 35. Kxe1 b6 36. Be2 a5 37. Bc4 Ke7 38. Bf1 Ke6 39. Bc4+ Kf5 40. Bxf7
Kxg5 41. Bc4 Nh5 42. Bf1 Kf4 43. Ke2 Nf6 44. Bg2 Ng4 45. h3 Ne5 46. Bb7 h5 47.
b4 g5 48. Bc8 h4 49. bxa5 bxa5 50. Be6 Ke4 51. Bc8 Nc4 52. Bb7+ Kf4 53. Bc8 Nb6
54. Bg4 Nxa4 55. Kd3 Nc5+ 56. Kc4 a4 57. Kxc5 a3 58. Be6 g4 59. hxg4 h3 60. Kb4
h2 61. Kxa3 h1=Q 62. Bf5 Qb7 63. c4 Ke5 64. Ka2 Kd4 0-1

[Event "Indywidualne Mistrzostwa Polski Juniorek - D16"]
[Site "Szczyrk"]
[Date "2013-03-24"]
[Round "2.3"]
[White "Wojna, Ewelina"]
[Black "Dadello, Aleksandra"]
[Result "1/2-1/2"]
[WhiteTitle "II+"]
[BlackTitle "I++"]
[WhiteElo "1572"]
[BlackElo "1909"]

1. d4 d5 2. c4 e6 3. Nc3 Nf6 4. Nf3 Be7 5. Bf4 O-O 6. e3 dxc4 7. Bxc4 a6 8. Ne5
b5 9. Qf3 Ra7 10. Bd3 Bb7 11. Qh3 b4 12. Ne2 Nbd7 13. O-O Nxe5 14. Bxe5 Be4 15.
Bxe4 Nxe4 16. Rac1 Qd7 17. Ng3 Ng5 18. Qg4 f6 19. Bf4 f5 20. Qe2 Rc8 21. Rc2 Nf7
22. Rd1 Bd6 23. Bxd6 cxd6 24. Rdc1 Raa8 25. h3 d5 26. Nf1 Nd6 27. Nd2 Rxc2 28.
Rxc2 Rc8 29. Qd1 Kf8 30. Nb3 Nb7 31. Qc1 Rxc2 32. Qxc2 Kf7 33. g4 g6 34. Kg2 Kg7
35. f4 Kf7 36. Kf3 Ke7 37. h4 fxg4+ 38. Kxg4 e5+ 39. Kg3 e4 40. Na5 Nxa5 41. Qc5+
Qd6 42. Qxa5 h5 43. a3 bxa3 44. Qxa3 Qxa3 45. bxa3 Ke6 46. a4 Kf5 47. Kh3 Kf6
48. Kg2 Ke6 49. Kf2 Kd6 50. Ke2 Kc6 51. Kd2 Kb6 52. Kc3 Ka5 53. Kb3 Kb6 54. Kb4
a5+ 55. Kc3 Kc6 1/2-1/2

[Event "Indywidualne Mistrzostwa Polski Juniorek - D16"]
[Site "Szczyrk"]
[Date "2013-03-24"]
[Round "2.4"]
[White "Kiolbasa, Oliwia"]
[Black "Lapa, Aleksandra"]
[Result "1-0"]
[WhiteTitle "WFM"]
[BlackTitle "I"]
[WhiteElo "1897"]
[BlackElo "1549"]

1. e4 c5 2. Nf3 Nc6 3. d4 cxd4 4. Nxd4 Nf6 5. Nc3 e5 6. Ndb5 d6 7. Bg5 a6 8. Na3
b5 9. Nd5 Be7 10. Bxf6 Bxf6 11. c4 b4 12. Nc2 a5 13. Be2 O-O 14. O-O Bg5 15. Bg4
Kh8 16. Bxc8 Rxc8 17. Qd3 Re8 18. b3 Re6 19. Rad1 Qf8 20. Nce3 g6 21. Nb6 Rc7
22. g3 Qh6 23. Ned5 Rb7 24. c5 Rb8 25. Nc7 Nd4 26. Nxe6 fxe6 27. f4 Be7 28. cxd6
Bxd6 29. Nc4 Bc5 30. Kg2 exf4 31. Rxf4 g5 32. Rff1 g4 33. Ne5 Qh5 34. Nd7 Nf3
35. h4 gxh3+ 36. Kh1 Ne5 37. Qc2 Nxd7 38. Rxd7 Qe5 39. Rff7 h5 40. Qe2 Qa1+ 41.
Qd1 Qxd1+ 42. Rxd1 e5 43. Rd5 Bd4 44. Rxa5 Kg8 45. Rf5 Rc8 46. Kh2 Rc2+ 47. Kxh3
Re2 48. Rg5+ Kf7 49. Rxh5 Rxe4 50. Ra6 Kg7 51. Rhh6 Re1 52. Rhc6 Rf1 53. Rc7+
Rf7 54. Rxf7+ Kxf7 55. Kg4 Bc3 56. Kf5 Bd4 57. g4 1-0